000 00287nam a22001337a 4500
008 171017b xxu||||| |||| 00| 0 eng d
020 _a9780072987171
041 _aeng
080 _a331.101.262
100 _a52
101 _aBNJ
245 _aORGANIZATIONS
_cGIBSON
942 _2udc
_cBK
999 _c34363
_d34363